| 000 | 00479nam a22001217a 4500 | ||
|---|---|---|---|
| 008 | 230703b xxu||||| |||| 00| 0 eng d | ||
| 082 |
_a351.16 _bPSC |
||
| 100 | _cPSC | ||
| 245 |
_aSpeeches and Other Presentation papers on the Workshop for Commissioners of the Public Service Commission and Authorized Officers of the Kenya Government _bTheme:'Management of the Civil service in the Next decade and Beyond" |
||
| 260 |
_aNairobi _bPSC _cMay 1996 |
||
| 300 | _a173p | ||
| 942 |
_2ddc _cBK |
||
| 999 |
_c3259 _d3259 |
||